000 00510nam a2200193 a 4500
001 1756792092580
003 YourLibrary
005 20250902111954.0
008 250902s2003##################000#0#eng##
020 _a9783540433927
082 0 4 _a539.73
_bWIE
100 1 _aWiedemann, Helmut,
_eauthor.
245 1 0 _aSynchrotron Radiation :
260 _bSpringer Science & Business Media,
_c2003.
300 _a292 pages
650 0 _aScience.
942 _cENGLISH
040 _aYourLibrary
_beng
_cYourLibrary
999 _c584942
_d584942